00158 a2200073 450000100060000010000120000624500470001826000190006529870 aTheraja aAdvanced problems in electrical technology abChand & Coc